000 01189nam a2200265 i 4500
001 000038202
003 DO-SdBNP
005 20230821152504.0
007 ta
008 130321s1992 dr 000 0 spa d
040 _aDO-SdBNP
_bspa
_cBNPHU
_drda
082 4 _222
245 0 0 _aEncuesta nacional de mano de obra :
_b(ENMO'91) /
_cprólogo, Roberto E. Liz.
264 _aSanto Domingo :
_bFundación APEC de Credito Educativo (FUNDAPEC),
_c1992
300 _a342 páginas ;
_c30 cm.
336 _2rdacontent
_atexto
_btxt
337 _2rdamedia
_asin mediación
_bnc
338 _2rdacarrier
_avolumen
_bn
500 _aIncluye referencias bibliográficas y notas al pie de las páginas
505 0 _aPrólogo--
_tResumen --
_tZonas Francas: Dinámica sectorial y mercados de trabajo --
_tCrecimiento y desarrollo de las zonas francas--
_tCaracterización estructural --
_tImpacto estructural --
_tCompetitividad internacional --
_tPerspectivas del sector zonas francas --
_tBibliografía --
_tCaracterización estructural del turismo --
_tImpacto estructural --
590 _aInventariado, 2023/BT
700 1 _aLiz, Roberto E.,
_eprálogo
_937488
910 _aBtavárez
942 _2ddc
_cLBS1
999 _c37692
_d37692